| 000 | 00714cam a22002415a 4500 | ||
|---|---|---|---|
| 001 | 010054274 | ||
| 005 | 20201128024349.0 | ||
| 008 | 880831s1987 enk fr 001 0 eng d | ||
| 020 | _a0333384083 | ||
| 020 | _a9780333384084 | ||
| 040 |
_aUk _cUk _beng _dEG-ScBUE |
||
| 082 | 0 | 4 |
_222 _a658.8 _bWAT |
| 100 | 1 | _aWaterworth, Derek. | |
| 245 | 1 | 0 |
_aMarketing for the small business / _cDerek Waterworth. |
| 260 |
_aBasingstoke : _bMacmillan Education, _c1987. |
||
| 300 |
_ax, 294 p. : _bill. ; _c24 cm. |
||
| 490 | 0 | _aMacmillan small business series | |
| 500 | _aIndex : p. 292-294. | ||
| 650 | 7 |
_aMarketing. _2BUEsh _94499 |
|
| 650 | 7 |
_aSmall Business. _2BUEsh _9253 |
|
| 653 |
_bBUSADM _cJune2018 |
||
| 942 | _2ddc | ||
| 999 |
_c26794 _d26766 |
||